| 000 | 01178nam0a22003371 4500 | ||
|---|---|---|---|
| 001 | RU\NLR\INFOCOMM_190\5000024726 | ||
| 005 | 20260406161107.0 | ||
| 035 | _a(NLR Aleph) 009072048 | ||
| 090 |
_a7929027 _c7929027 |
||
| 100 | _a20081028d1968 |||y0rusy50 ca | ||
| 101 | 0 | _aeng | |
| 102 | _aRU | ||
| 105 | _aa z 000zy | ||
| 200 | 1 |
_aArt festivals, U.S.S.R. _f[Russ. text ed. by I. Vasilyev and V. Makeyev _gdesigned by K. Ivanova and O. Maslyakova] _g[Min. of culture of the U.S.S.R., "Soyuzkontsert", state concert touring bureau] |
|
| 210 |
_a[Μ. _cVneshtorgizdat _d1968] |
||
| 215 |
_a120 с. _cил. _d23 см |
||
| 606 |
_aФестивали искусств _yСССР _z1968 _2nlr_sh1 |
||
| 686 |
_aИcO-30 _2rubbk |
||
| 700 | 1 |
_6z03790 _aVasil'eva _bI. _4340 |
|
| 701 | 1 |
_aMakejev _bV. |
|
| 702 | 1 |
_aIvanova _bK. _4570 |
|
| 702 | 1 |
_aMasljakova _bO. _4570 |
|
| 712 | 0 | 2 |
_4570 _8eng _a"Soyuzkontsert", bureau _cMoscow _7ba _3RU\NLR\AUTH\889932469 _9360228 |
| 790 | 1 |
_6z03702 _aVasilyev _bI. _4340 |
|
| 790 | 1 |
_9z03702 _aVasilyeva _bI. _4340 |
|
| 801 | 1 |
_aRU _bNLR _c20081028 |
|
| 801 | 0 |
_aRU _bNLR _gPSBO |
|
| 852 |
_aNLR _jИс11 Д-5/1 |
||
| 942 | _cBOOK | ||
| 980 | _aNB | ||